000 00581nam a22001577a 4500
003 OSt
005 20150922155336.0
008 150922b xxu||||| |||| 00| 0 eng d
040 _cRUA
082 _aAGR OUK 2007 B035 Or.1
100 _91135
_aOUK SOTHEA
245 _aCashew production in tboung khmum district, kampong cham province,(ផលិតកម្មស្វាយចន្ទីនៅស្រុកត្បូងឃ្មុុំ ខេត្តកំពង់ចាម)
260 _aphnom penh
_bRUA
_c2007
300 _axiii,41p.
_cill.
_g29cm.
942 _2ddc
_cAGR
999 _c1085
_d1085